00505nam a2200193 a 4500001001300000003000900013005001700022008004100039020002300080082001500103100002100118245002600139260003900165300000900204500003500213505002400248650001800272700002100290nice12345678IN_TiNIC20260116014117.0080108s1999 dela grp 000 0 eng  a8120816927 c36500a294.5bDAV aDavis, Richard H aLives on Indian Image aDelhi bMotilal Banarsidass c1999 a331p aincludes index and biblioraphy2 abibliography, Index aGods-Hinduism1 aDavis, Richard H